<?phpxml version="1.0" encoding="ISO-8859-1"?>
 <collection>
  

 
<record>
 <datafield tag="088" ind1="" ind2="">
  <subfield code="a">Flurin-2013-Beirat</subfield> 
  </datafield>
<datafield tag="909" ind1="C" ind2="0">
<subfield code="p">TRANSP-OR</subfield>
</datafield>
<datafield tag="980" ind1="" ind2="">
<subfield code="a">TALK</subfield>
</datafield>
 <datafield tag="700" ind1="" ind2="">
  <subfield code="a">Hänseler, Flurin</subfield> 
  </datafield>
<datafield tag="245" ind1="" ind2="">
<subfield code="a">
Analysis and modeling of pedestrian flows in railway stations</subfield>
</datafield>
<datafield tag="260" ind1="" ind2="">
<subfield code="c">2013</subfield>
</datafield>
<datafield tag="711" ind1="2" ind2="">
<subfield code="a">
Meeting SBB-Beirat Technologie, Methoden und Prozesse</subfield>
<subfield code="c">
SBB-CFF-FFS, Lausanne</subfield>
<subfield code="d">December 04, 2013</subfield>
</datafield>
  </record>



  </collection>
